Participatívny dizajn na sociálnych sieťach

Význam pojmu participatívny dizajn. Spotrebiteľské vnímanie participatívneho dizajnu prostredníctvom sociálnych sietí. Spracovanie poznatkovej bázy, pozostávajúcej z domácich a zahraničných zdrojov metódou abstrakcie na vyčlenenie najpodstatnejších skutočností. Vzájomné súvislosti medzi jednotlivými...

Descripción completa

Guardado en:
Detalles Bibliográficos
Autor principal: Garasová, Petra, 1993-
Formato: Capítulo de libro
Lenguaje:eslovaco
Materias:
Etiquetas: Agregar Etiqueta
Sin Etiquetas, Sea el primero en etiquetar este registro!

MARC

LEADER 00000naa$a2200000$$$4500
001 0260428
005 20240502074126.0
041 0 |a slo 
044 |a SK 
245 1 0 |a Participatívny dizajn na sociálnych sieťach  |c Petra Garasová 
520 |a Význam pojmu participatívny dizajn. Spotrebiteľské vnímanie participatívneho dizajnu prostredníctvom sociálnych sietí. Spracovanie poznatkovej bázy, pozostávajúcej z domácich a zahraničných zdrojov metódou abstrakcie na vyčlenenie najpodstatnejších skutočností. Vzájomné súvislosti medzi jednotlivými oblasťami skúmania. 
610 2 0 |a dizajn 
610 2 0 |a spotrebitelia 
610 2 0 |a médiá sociálne 
100 1 |a Garasová, Petra, 1993-